Science Quiz

Random Science or Clickable Quiz
Score 0/10 Timer 04:00
0 Plays Today
% Correct
promotes fruit ripening
66.7%
promotes seed germination and growth of stems
66.7%
inhibits leaf abscission (leaf fall)
66.7%
promotes cell division
33.3%
overcome apical dominence
33.3%
promotes cell elongation
33.3%
inhibits seed germination and growth
33.3%
inhibits growth of side shoots
0%
causes stomatal closure when the plant is stressed by low water availability
0%
delay leaf senescence
0%
Remove Ads.
Support Sporcle.
Get the best of Sporcle when you Go Orange. This ad-free experience offers more features, more stats, and more fun while also helping to support Sporcle. Thank you for becoming a member.

You're not logged in!

Compare scores with friends on all Sporcle quizzes.
OR
Log In

Sporcle TV

Today on Sporcle TV


Watch our educational content, quiz creation guides, and fun videos on Sporcle TV.

Show Comments

Extras

Created Feb 23, 2020ReportNominate
Tags:Clickable Quiz, function, hormone

Top Quizzes Today


Score Distribution

Paid Content

Your Account Isn't Verified!

In order to create a playlist on Sporcle, you need to verify the email address you used during registration. Go to your Sporcle Settings to finish the process.

Report this User

Report this user for behavior that violates our Community Guidelines.

Details: